Economic growth in india: (Record no. 43336)

MARC details
000 -LEADER
fixed length control field 01032nam a22002657a 4500
005 - DATE AND TIME OF LATEST TRANSACTION
control field 20100901122622.0
008 - FIXED-LENGTH DATA ELEMENTS--GENERAL INFORMATION
fixed length control field 100901t xxu||||| |||| 00| 0 eng d
010 ## - LCCN (DPL NO)
LC control number ENG-101389
020 ## - INTERNATIONAL STANDARD BOOK NUMBER
International Standard Book Number 0198065477
Terms of availability 750.00
020 ## - INTERNATIONAL STANDARD BOOK NUMBER
International Standard Book Number 9780198065470
Terms of availability 750.00
035 ## - SYSTEM CONTROL NUMBER
System control number EN-84922
037 ## - SOURCE OF ACQUISITION
Source of stock number/acquisition DBAD/PUB
040 ## - CATALOGING SOURCE
Original cataloging agency Dpl
Language of cataloging Eng
082 ## - DEWEY DECIMAL CLASSIFICATION NUMBER
Classification number 338.954
100 ## - MAIN ENTRY--PERSONAL NAME
Personal name Balakrishnan,Pulapre
9 (RLIN) 17887
245 ## - TITLE STATEMENT
Title Economic growth in india:
Remainder of title history and prospect /
Statement of responsibility, etc by Pulapre Balakrishnan
260 ## - PUBLICATION, DISTRIBUTION, ETC. (IMPRINT)
Place of publication, distribution, etc New Delhi
Name of publisher, distributor, etc Oxford University Press
Date of publication, distribution, etc 2010
270 ## - ADDRESS
Address YMCA Library Building, Jai Singh Road
City New Delhi
Postal code 110001
300 ## - PHYSICAL DESCRIPTION
Extent xxxv,289p.
Dimensions 24cm (Hb)
500 ## - GENERAL NOTE
General note Includes bibliographical references (p. [265]-281) and index.
651 ## - SUBJECT ADDED ENTRY--GEOGRAPHIC NAME
Geographic name India
General subdivision Economic conditions.
9 (RLIN) 17877
700 ## - ADDED ENTRY--PERSONAL NAME
Personal name Mukerjee, Rahul
9 (RLIN) 17878
942 ## - ADDED ENTRY ELEMENTS (KOHA)
Source of classification or shelving scheme Dewey Decimal Classification
Item type English Books
Call number suffix BAL
Classification part 338.954
Holdings
Withdrawn status Lost status Source of classification or shelving scheme Damaged status Not for loan Collection code Home library Current library Date acquired Source of acquisition Cost, normal purchase price Total Checkouts Full call number Barcode Date last seen Copy number Cost, replacement price Koha item type
    Dewey Decimal Classification   Not For Loan Non-fiction D.B.Act.Division D.B.Act.Division 01/09/2010 DBAD/PUB 750.00   338.954 BAL EN-84922 01/09/2010 1 750.00 English Books

© Delhi Public Library
Hit Counter
free hit counter